| 000 | 00956nam a2200289 i 4500 | ||
|---|---|---|---|
| 001 | 11832 | ||
| 003 | KOSZ 005 | ||
| 005 | 20220708124300.0 | ||
| 008 | 071016s1968 pl a f 000 0 pol | ||
| 015 | _aPB 1968/3837 | ||
| 040 |
_aWA N _cWA N _dKOSZ 005/KK _dKOSZ 005/HR |
||
| 046 | _k1968 | ||
| 080 | _a94(438) | ||
| 245 | 0 | 0 |
_aDziejów Polski blaski i cienie / _c[wybór i oprac. Marian Turski]. |
| 260 |
_aWarszawa : _b"Ksiażka i Wiedza", _c1968. |
||
| 300 |
_a362, [2] s. : _bil. ; _c23 cm. |
||
| 380 | _aKsiążki | ||
| 388 | _a1901-2000 | ||
| 388 | _a1945-1989 | ||
| 500 | _aNazwa aut. wyboru na odwrocie k. tyt. | ||
| 651 | 4 | _aPolska | |
| 658 | _aHistoria | ||
| 700 | 1 |
_aTurski, Marian _d(1926- ) _eWybór |
|
| 710 | 2 |
_aSpółdzielnia Wydawniczo-Handlowa "Książka i Wiedza" _4pbl. |
|
| 856 |
_uhttp://koha.tu.koszalin.pl/cgi-bin/koha/opac-detail.pl?biblionumber=11832 _yKatalog online BPK |
||
| 942 |
_2UKD _cKS |
||
| 999 |
_c11832 _d11832 |
||